000 00338 a2200157 4500
001 64121
020 _a9788564305243
040 _cAnchieta - Pituba
100 _aLana, Débora
240 1 0 _aA escolha de Bianca
_lpor
245 1 0 _aA escolha de Bianca
300 _a48
362 0 _a2012
650 4 _aLiteratura juvenil
942 _cBK
999 _c64121
_d64121